1552 1511 1207 1441 1845 1922 1421 1124 1231 1964 1806 1092 1864 1280 1840 1924 1608 1933 1098 1311 1895 1554 1274 1256 1062 1330 1942 1501 1470 1586 1258 1702 1945 1683 1008 1986 1226 1220 1217 1007 1696 1146 1759 1442 1429 1540 1538 1553 1877 1525 1229 1790 1049 1957 1486 1546 1301 1819 1340 1289 1289 1456 1071 1309 1245 1834 1345 1931 1633 1662 1851 1300 1901 1212 1380 1010 1330 1496 1476 1350 1640 1194 1808 1379 1011 1559 1249 1014 1980 1391 1728 1028 1868 1460 1330 1064 1994 1954 1383 BCNSPRNW ULIB Ver.6.0+V

เปลี่ยนเป็นภาษาไทย

Change to English
 แสดงรายละเอียดบรรณานุกรม
  กลับหน้าหลัก

Brief Record : Get Marc (ISO 2709) : E-mail record : QR code < ปิดหน้าต่าง
LEADER : 00000nam 2200000uu 4500
001    13399126359
003     ULIB
008    180911s2558||||th 000 0 tha d
020    ^a9786165128520
050  4 ^aSB 449^bณ161ง
100 0  ^aณภัทร ทองแย้ม
245 10 ^aงานฝีมือสุดคุ้ม ชุดการจัดดอกไม้ร่วมสมัย /^cณภัทร ทองแย้ม
260    ^aกรุงเทพฯ :^bวาดศิลป์,^c2558
300    ^a63 หน้า :^bภาพประกอบสี
650  4 ^aการจัดดอกไม้
945    ^p200^l0^i004592
999    ^aประนอม เกษจรัล
รายการนี้ยังไม่มีแท็ก
คุณยังไม่ได้ล็อกอิน คุณสามารถมีกิจกรรมร่วมกับเว็บไซต์ได้ แต่ต้องล็อกอินก่อน ::
  ล็อกอิน

รายการสื่อสารสนเทศ

ลำดับที่ ประเภท เลขเรียก/บาร์โค้ด สถานที่ สถานะ
1. การศึกษาทั่วไป
หนังสือสำรอง
สถานะ=หนังสือสำรอง
SB 449 ณ161ง ฉ.1 
  Barcode: 004592
ห้องสมุดวิทยาเขตสวรรค์ประชารักษ์
►หนังสือทั่วไป
บนชั้น

รายการใกล้เคียง
    ผู้แต่ง [ณภัทร ทองแย้ม]

    หัวเรื่อง [การจัดดอกไม้]

BibComment


ยังไม่เคยถูกคอมเมนท์

คอมเมนท์ทรัพยากรรายการนี้
  คอมเมนท์: งานฝีมือสุดคุ้ม ..


 Copyright 2026. Bcnsprnw @Library